| 000 | 00440nam a2200193Ia 4500 | ||
|---|---|---|---|
| 008 | 170918s9999 xx 000 0 und d | ||
| 020 | _a9780439362214 | ||
| 050 | _bB851 1997 | ||
| 100 | _aBridges, Ruby | ||
| 245 | _aThrough my eyes / | ||
| 245 | _cby Ruby Bridges. | ||
| 260 | _aNew York : | ||
| 260 | _bScholastic, | ||
| 260 | _c1997 | ||
| 300 | _a63 pages : | ||
| 300 | _billustrations ; | ||
| 300 | _c20cm. | ||
| 500 | _a860 | ||
| 999 |
_c342979 _d342979 |
||